Bilecik Bilecik Bilecik Bilecik Bilecik

Sosyal hizmet mevzuatı/ (Record no. 73540)

MARC details
000 -BAŞLIK
Sabit Uzunluktaki Kontrol Alanı 01197nam a22003737a 4500
001 - KONTROL NUMARASI
Control Dosyası 0072785
003 - KONTROL NUMARASI KİMLİĞİ
Kontrol Alanı KOHA_MİRAKIL
005 - EN SON İŞLEM TARİHİ ve ZAMANI
Kontrol Alanı 20260207005109.0
007 - FİZİKSEL TANIM SABİT ALAN - GENEL BİLGİ
Sabit uzunluklu kontrol alanı ta
008 - SABİT UZUNLUKTAKİ VERİ ÖGELERİ - GENEL BİLGİ
Sabit Alan 241231b2023 tu |||gr||||#0|||0|tur |
020 ## - ISBN - ULUSLARARASI STANDART KİTAP NUMARASI
Isbn 9786254172328
040 ## - KATALOGLAMA KAYNAĞI
Özgün Kataloglama Kurumu TR-BiSEU
Kataloglama Dili tur
Çeviri Kurumu TR-BiSEU
Açıklama Kuralları rda
041 0# - DİL KODU
Metin ya da ses kaydının dil kodu tur
044 ## - YAYINLAYAN/ÜRETEN KURULUŞUN ÜLKE KODU
ISO country code tu
050 ## - SINIFLAMA ve YER NUMARASI
Sınıflama Numarası KKX1469
Yer Numarası .S67 2023
245 0# - ESER ADI BİLDİRİMİ
Başlık Sosyal hizmet mevzuatı/
Sorumluluk Bildirimi editör Mehmet Başcıllar.
250 ## - BASIM BİLDİRİMİ
Basım Bildirimi 3. Basım
264 #1 - ÜRERİM, YAYIN, DAĞITIM ve TELİF BİLDİRİMİ
Yayın yeri Şaşmaz, Ankara :
Yayınlayan Nobel Akademik
Yayın tarihi 2023
300 ## - FİZİKSEL TANIMLAMA
Sayfa, Cilt vb. 372 sayfa ;
Boyutları 24 cm.
336 ## - İÇERİK TÜRÜ
Content type term metin
Content type code txt
Source rdacontent
337 ## - MEDYA TÜRÜ
Media type term aracısız
Media type code n
Source rdamedia
338 ## - TAŞIYICI TÜRÜ
Carrier type term cilt
Carrier type code nc
Source rdacarrier
490 1# - DİZİ BİLDİRİMİ
Dizi Bildirimi Nobel Akademik Yayıncılık ;
Cilt Numarası 3817.
490 1# - DİZİ BİLDİRİMİ
Dizi Bildirimi Beşeri bilimler/hukuk ;
Cilt Numarası 159
500 ## - GENEL NOT
Genel Not Kaynakça bölüm sonlarındadır.
650 #0 - KONU BAŞLIĞI EK GİRİŞ - KONU TERİMİ
Konusal terim veya coğrafi ad Sosyal hizmet--Türkiye.
9 (RLIN) 145577
650 #0 - KONU BAŞLIĞI EK GİRİŞ - KONU TERİMİ
Konusal terim veya coğrafi ad Social service--Turkey.
9 (RLIN) 67854
650 #0 - KONU BAŞLIĞI EK GİRİŞ - KONU TERİMİ
Konusal terim veya coğrafi ad Sosyal hizmet--Hukuk ve mevzuat--Türkiye.
9 (RLIN) 145578
650 #0 - KONU BAŞLIĞI EK GİRİŞ - KONU TERİMİ
Konusal terim veya coğrafi ad Social service--Law and legislation--Turkey.
9 (RLIN) 145579
830 1# - SERİ EK GİRİŞİ - TEKBİÇİM ESER ADI
Tekbiçim Başlık Nobel Akademik Yayıncılık ;
Volume number/sequential designation 3817.
9 (RLIN) 96064
830 1# - SERİ EK GİRİŞİ - TEKBİÇİM ESER ADI
Tekbiçim Başlık Beşeri bilimler/hukuk ;
Volume number/sequential designation 159
9 (RLIN) 145580
907 ## - LOCAL DATA ELEMENT G, LDG (RLIN)
a Hukuk
942 ## - EK GİRİŞ ÖGELERİ (KOHA)
Source of classification or shelving scheme Library of Congress Classification
Koha item type Book
Holdings
Materyal Türü Kalıcı Konum Mevcut Konum Raf Yeri Sınıflandırma Kaynağı Edinim Bilgisi Ana Konular Alt Konular Yer Numarası Demirbaş Numarası Fatura Tarihi Geri Çekilme Durumu Kayıp Durumu Hasarlı Durumu Kredi için değil Kayıt Tarih Toplam Ödünçverme Son Görülme Tarihi Son Kontrol Tarihi Genel / Bağış Notu
Book Prof. Dr. Azmi Özcan Kütüphanesi Prof. Dr. Azmi Özcan Kütüphanesi Uluğbey Salonu Library of Congress Classification Bağış HUKUK Türkiye Hukuku KKX1469 .S67 2023 0072785 02/02/2026         31/12/2024   11/09/2025 11/09/2025 Genel Bağış